[Event "GER-chT U10"]
[Site "Magdeburg"]
[Date "2015.12.28"]
[Round "4.3"]
[White "Conradi, Bennet"]
[Black "Schilay, Vinzenz"]
[Result "0-1"]
[WhiteElo "863"]
[BlackElo "779"]
[PlyCount "52"]
[EventDate "2015.12.27"]
[EventType "team-swiss"]
[EventRounds "7"]
[EventCountry "GER"]
[SourceTitle "EXT 2017"]
[Source "ChessBase"]
[SourceDate "2016.10.25"]
[SourceVersion "1"]
[SourceVersionDate "2016.10.25"]
[SourceQuality "1"]
[WhiteTeam "Breitenworbis"]
[BlackTeam "Neumarkt"]
[WhiteTeamCountry "GER"]
[BlackTeamCountry "GER"]

1. e4 e5 2. Nf3 Nc6 3. Bc4 Nf6 4. Ng5 Qe7 5. Nxf7 Rg8 6. 0-0 Nxe4 7. d3 Nf6 8. Bg5 h6 9. Bh4 g5 10. Bg3 d6 11. Nxh6 Bxh6 12. Bxg8 Nxg8 13. Nc3 Nf6 14. Re1 Bg4 15. f3 Be6 16. Qd2 0-0-0 17. Ne4 Nh5 18. Bf2 d5 19. Nc5 d4 20. Nxe6 Qxe6 21. c3 dxc3 22. bxc3 g4 23. Qb2 gxf3 24. Rab1 b6 25. g3 Qh3 26. Qb5 Qg2# 0-1